000 00866nas a2200265 4500
001 BR8204677
003 BR-BrBNA
005 20231205085224.0
007 ta
008 230509b bl.|||p| |||| 00| 00por d
040 _aBR-BrBNA
_bpor
_cBiblioteca Nacional de Agricultura
041 _a(Pt)
072 _aF25
100 1 _aLima, S.A.A. de
100 1 _aMattos, H.B. de
245 1 _aNutricao mineral em cinco estilosantes cultivados em um solo de cerrado paulista. II. Teores de calcio, fosforo, magnesio, potassio, cobre, ferro, zinco e manganes
650 _aNUTRICAO VEGETAL
650 _aMINERAL
650 _aSTILOSANTE
650 _aSOLO
650 _aCERRADO
773 0 _tBoletim de Industria Animal (Brazil)
_xISSN 0067-9617
_g(Jul-Dec 1982), v. 39(2) p. 93-105
_wBR8204677
909 _a202311
_bLúcia
_c55
_dLúcia Elande
942 _2AGRIS
_n0
_cANA
999 _c110075
_d110075